Countries Bordering France - Sudden Death - Statistics

General Stats
  • This quiz has been taken 631 times
  • The average score is 7 of 11
Answers on the Grid
Answers color-coded by a green-red scale on the quiz's grid according to % correct below.
Algeria
Andorra
Austria
Belgium
Brazil
Canada
Germany
Guyana
Italy
Liechtenstein
Luxembourg
Monaco
Morocco
Netherlands
Poland
Portugal
San Marino
Slovenia
Spain
Suriname
Switzerland
United Kingdom
United States
Venezuela
 
Answer Stats
Answer % Correct
Andorra
86%
Belgium
85%
Germany
79%
Italy
68%
Spain
68%
Luxembourg
62%
Switzerland
62%
Monaco
61%
Brazil
59%
Suriname
45%
Netherlands
28%
No matching quizzes found
Score Distribution
Percent of People with Each Score
Percentile by Number Answered
Your Score History
You have not taken this quiz